000 00719cam a22002533a 4500
001 1061
003 PGUSA
005 20140828082956.0
008 971001s1997||||xxu|||||s|||||000 | eng d
040 _aPGUSA
_beng
042 _adc
050 4 _aBL
050 4 _aGR
100 1 _aFiske, John,
_d1842-1901
245 1 0 _aMyths and Myth-Makers :
_bOld Tales and Superstitions Interpreted by Comparative Mythology
_h[electronic resource] /
_cJohn Fiske
260 _bProject Gutenberg,
_c1997
506 _aPublic domain in the USA.
516 _aElectronic text
653 _aMythology
653 _aFolklore
830 0 _aProject Gutenberg
_v1061
856 4 0 _uhttp://www.gutenberg.org/ebooks/1061
942 _cEB
999 _c230412
_d230412